Europe: What Does It Border? Quiz Stats

 Plays Quiz Updated Feb 13, 2019

Support Sporcle.
Go Orange.
Score 0/8 Timer 02:00
8 Plays Today
% Correct
Spain
96.6%
Ireland
95.5%
Latvia
93.2%
Germany
92.9%
Montenegro
87%
France
85.6%
Hungary
81.4%
Greece
78.3%

You're not logged in!

Compare scores with friends on all Sporcle quizzes.
OR
Log In
Forgot?

From the Vault

UK Landmarks

by jonesjeffum

Wizard-related Landmarks Not Included.
Remove Ads.
Support Sporcle.
Get the best of Sporcle when you Go Orange. This ad-free experience offers more features, more stats, and more fun while also helping to support Sporcle. Thank you for becoming a member.

Show Comments

Extras

Top Quizzes Today


Score Distribution

Your Account Isn't Verified!

In order to create a playlist on Sporcle, you need to verify the email address you used during registration. Go to your Sporcle Settings to finish the process.

Report this User

Report this user for behavior that violates our Community Guidelines.

Details: